Current Affairs : latest national/international affairs with fully solved CSS papers (Record no. 69204)

000 -LEADER
fixed length control field 00532nam a22001817a 4500
003 - CONTROL NUMBER IDENTIFIER
control field NUST-PNEC
005 - DATE AND TIME OF LATEST TRANSACTION
control field 20170116181113.0
008 - FIXED-LENGTH DATA ELEMENTS--GENERAL INFORMATION
fixed length control field 150202b xxu||||| |||| 00| 0 eng d
020 ## - INTERNATIONAL STANDARD BOOK NUMBER
International Standard Book Number -
040 ## - CATALOGING SOURCE
Transcribing agency PNEC
082 ## - DEWEY DECIMAL CLASSIFICATION NUMBER
Classification number 907.83 SAQ
100 ## - MAIN ENTRY--PERSONAL NAME
9 (RLIN) 1276
Personal name Saqib Ehsan Ullah
245 ## - TITLE STATEMENT
Title Current Affairs : latest national/international affairs with fully solved CSS papers
Statement of responsibility, etc. Ehsan Ullah Saqib
260 ## - PUBLICATION, DISTRIBUTION, ETC.
Place of publication, distribution, etc. Lahore
Name of publisher, distributor, etc. Dogar Publishers
Date of publication, distribution, etc. c.2000
300 ## - PHYSICAL DESCRIPTION
Extent 832 p. :
Dimensions 24 cm.
650 ## - SUBJECT ADDED ENTRY--TOPICAL TERM
General subdivision History
-- General Knowledge
942 ## - ADDED ENTRY ELEMENTS (KOHA)
Source of classification or shelving scheme
Koha item type Book
Holdings
Withdrawn status Lost status Source of classification or shelving scheme Damaged status Not for loan Permanent Location Current Location Shelving location Date acquired Total Checkouts Full call number Barcode Date last seen Price effective from Koha item type
          Pakistan Navy Engineering College (PNEC) Pakistan Navy Engineering College (PNEC)       907.83 SAQ PNECLIB-023749 10/04/2015   Book
© 2023 Central Library, National University of Sciences and Technology. All Rights Reserved.